| 000 | 00483nam a2200205Ia 4500 | ||
|---|---|---|---|
| 008 | 210210b1958 xxu||||| |||| 00| 0 eng d | ||
| 041 | _aeng | ||
| 082 | _a825/412 | ||
| 100 | _aHARRISON (Michael) | ||
| 245 | _aIn the footsteps of Sherlock Holmes | ||
| 260 |
_aLondon _bCassell and Company Ltd _c1958 |
||
| 650 | _athe | ||
| 650 | _aSherlock | ||
| 650 | _aof | ||
| 650 | _aIn | ||
| 650 | _aHolmes | ||
| 650 | _afootsteps | ||
| 690 | _aEnglish Criticism | ||
| 906 | _a014728 | ||
| 999 |
_c133941 _d133941 |
||